000 00427nam a22001577a 4500
003 OSt
005 20211013084340.0
008 211013b |||||||| |||| 00| 0 eng d
040 _cHAWASSA UNIVERSITY
050 _a357.669/BAT
_b1
082 _a357.669/BAT
_b1
100 _aBATTEN R.T.
_qBATTEN R.T.
_913080
245 _aTRAINING FOR COMMUNITY DEVELOPMENT
260 _aLONDON
_bOXFORD UNIVERSITY
_c1962
942 _2ddc
_cBOOKS
_n0
999 _c12183
_d12183